00507nam a22001817a 450000500170000000800410001702000180005804000210007604100080009708200170010510000240012224500720014625000120021826000410023030000100027165000190028165000250030020240822052557.0240822b |||||||| |||| 00| 0 eng d a9788196038571 aIN-DiNCcIN-DiNC deng a954.035bSEN aSen, Sanjayeauthor aIntroduction to Indian freedom struggle (1857-1947)/cby Sanjay Sen a1st ed. aGuwahati:bAshok publication,c2024. a312p. aRevolt of 1857 aIndian National Army